| 000 | 00802nam2a22002531 4500 | ||
|---|---|---|---|
| 001 | rc\4926527 | ||
| 005 | 20250612204721.0 | ||
| 035 | _a(NLR Aleph) 008843928 | ||
| 090 |
_a8359770 _c8359770 |
||
| 100 | _a20130426d1960 |||y0rusy50 ca | ||
| 101 | 0 | _arus | |
| 102 | _aRU | ||
| 105 | _ay z ||||| | ||
| 200 | 1 | _aАбрикос. Персик. Слива | |
| 210 |
_aТашкент _cБ. и. _d1960] |
||
| 461 | 0 |
_1001rc\4926522 _12001#$aФрукты Узбекистана$e[1-6$v[5] _98359743 _cТашкент _d1960] _nБ. и. _o[1-6 _p6 брошюр в папке _tФрукты Узбекистана _v[5] |
|
| 517 | 0 | _aПерсик. Слива | |
| 517 | 0 | _aСлива | |
| 801 | 0 |
_aRU _bNLR _gpsbo |
|
| 801 | 1 |
_aRU _bELAR _2rusmarc |
|
| 852 |
_aNLR _bОНЛ |
||
| 942 | _cBOOK | ||
| 980 | _aNB | ||